[Event "11th LCC Super Blitz 2019"]
[Site "London"]
[Date "2019.12.08"]
[Round "11.10"]
[White "Van Zyl-Rudd, Jack"]
[Black "Saidmurodov, Shahjahon"]
[Result "1-0"]
[WhiteElo "2290"]
[BlackElo "1812"]
[Annotator "NA"]
[PlyCount "177"]
[EventDate "2019.12.08"]
[EventType "swiss"]
[EventCountry "ENG"]
[SourceTitle "playchess.com"]
[Source "ChessBase"]
[SourceQuality "1"]
[TimeControl "180+2"]

1. e4 {[%emt 0:00:01]} e5 {[%emt 0:00:00]} 2. Nf3 {[%emt 0:00:02]} Nc6 {[%emt 0:00:00]} 3. Nc3 {[%emt 0:00:13]} Be7 {[%emt 0:00:13]} 4. Bb5 {[%emt 0:00:06]} d6 {[%emt 0:00:02]} 5. d4 {[%emt 0:00:02]} exd4 {[%emt 0:00:08]} 6. Nxd4 {[%emt 0:00:01]} Bd7 {[%emt 0:00:01]} 7. O-O {[%emt 0:00:05]} Nf6 {[%emt 0:00:08]} 8. Nxc6 {[%emt 0:00:07]} bxc6 {[%emt 0:00:04]} 9. Bd3 {[%emt 0:00:01]} O-O {[%emt 0:00:51]} 10. h3 {[%emt 0:00:01]} Re8 {[%emt 0:00:04]} 11. Bg5 {[%emt 0:00:16]} h6 {[%emt 0:00:16]} 12. Be3 {[%emt 0:00:05]} Bf8 {[%emt 0:00:04]} 13. Qd2 {[%emt 0:00:04]} d5 {[%emt 0:00:03]} 14. exd5 {[%emt 0:00:03]} cxd5 {[%emt 0:00:01]} 15. Bd4 {[%emt 0:00:15]} Be6 {[%emt 0:00:07]} 16. Qf4 {[%emt 0:00:04]} Bd6 {[%emt 0:00:05]} 17. Qf3 {[%emt 0:00:04]} Be7 {[%emt 0:00:07]} 18. Rad1 {[%emt 0:00:10]} c5 {[%emt 0:00:08]} 19. Bxf6 {[%emt 0:00:02]} Bxf6 {[%emt 0:00:07]} 20. Bb5 {[%emt 0:00:01]} Re7 {[%emt 0:00:53]} 21. Bc6 {[%emt 0:00:09]} Rb8 {[%emt 0:00:02]} 22. Bxd5 {[%emt 0:00:02]} Qe8 {[%emt 0:00:04]} 23. Bxe6 {[%emt 0:00:07]} Rxe6 {[%emt 0:00:03]} 24. Nd5 {[%emt 0:00:05]} Qc8 {[%emt 0:00:13]} 25. Nxf6+ {[%emt 0:00:04]} Rxf6 {[%emt 0:00:01]} 26. Qc3 {[%emt 0:00:02]} Rfb6 {[%emt 0:00:03]} 27. b3 {[%emt 0:00:02]} Qf5 {[%emt 0:00:02]} 28. Qd3 {[%emt 0:00:07]} Qg5 {[%emt 0:00:03]} 29. Rfe1 {[%emt 0:00:08]} g6 {[%emt 0:00:02]} 30. Qd7 {[%emt 0:00:06]} R8b7 {[%emt 0:00:04]} 31. Re8+ {[%emt 0:00:03]} Kg7 {[%emt 0:00:00]} 32. Qc8 {[%emt 0:00:02]} Qf4 {[%emt 0:00:02]} 33. Rg8+ {[%emt 0:00:03]} Kf6 {[%emt 0:00:01]} 34. Qd8+ {[%emt 0:00:01]} Re7 {[%emt 0:00:00]} 35. Re1 {[%emt 0:00:08]} Rbe6 {[%emt 0:00:02]} 36. Rxe6+ {[%emt 0:00:01]} Kxe6 {[%emt 0:00:03]} 37. Qd1 {[%emt 0:00:21]} Kf6 {[%emt 0:00:02]} 38. Rd8 {[%emt 0:00:09]} Re6 {[%emt 0:00:02]} 39. g3 {[%emt 0:00:06]} Qe5 {[%emt 0:00:04]} 40. Rd5 {[%emt 0:00:04]} Qc7 {[%emt 0:00:02]} 41. Qf3+ {[%emt 0:00:04]} Kg7 {[%emt 0:00:01]} 42. Kg2 {[%emt 0:00:03]} Qc6 {[%emt 0:00:02]} 43. Rd3 {[%emt 0:00:04]} Qa6 {[%emt 0:00:02]} 44. a4 {[%emt 0:00:01]} Qb6 {[%emt 0:00:01]} 45. Qd5 {[%emt 0:00:03]} Qc7 {[%emt 0:00:01]} 46. Rc3 {[%emt 0:00:02]} Re5 {[%emt 0:00:03]} 47. Qd3 {[%emt 0:00:03]} Qc6+ {[%emt 0:00:02]} 48. Qf3 {[%emt 0:00:01]} Qc7 {[%emt 0:00:01]} 49. Qf4 {[%emt 0:00:03]} Qc6+ {[%emt 0:00:02]} 50. Qf3 {[%emt 0:00:04]} Qc7 {[%emt 0:00:02]} 51. Rc4 {[%emt 0:00:03]} Rf5 {[%emt 0:00:03]} 52. Qe4 {[%emt 0:00:02]} Qd6 {[%emt 0:00:04]} 53. Rc3 {[%emt 0:00:10]} Qd2 {[%emt 0:00:02]} 54. Rf3 {[%emt 0:00:01]} Rd5 {[%emt 0:00:01]} 55. c4 {[%emt 0:00:06]} Rd7 {[%emt 0:00:01]} 56. Qe5+ {[%emt 0:00:01]} Kh7 {[%emt 0:00:02]} 57. Qe8 {[%emt 0:00:03]} Qd4 {[%emt 0:00:04]} 58. Rxf7+ {[%emt 0:00:03]} Rxf7 {[%emt 0:00:02]} 59. Qxf7+ {[%emt 0:00:01]} Kh8 {[%emt 0:00:00]} 60. Qxg6 {[%emt 0:00:03]} Qc3 {[%emt 0:00:02]} 61. Qxh6+ {[%emt 0:00:02]} Kg8 {[%emt 0:00:01]} 62. Qe6+ {[%emt 0:00:02]} Kh7 {[%emt 0:00:01]} 63. Qe4+ {[%emt 0:00:01]} Kh8 {[%emt 0:00:01]} 64. Qe3 {[%emt 0:00:01]} Qb4 {[%emt 0:00:03]} 65. h4 {[%emt 0:00:01]} Qb7+ {[%emt 0:00:01]} 66. Qf3 {[%emt 0:00:01]} Qe7 {[%emt 0:00:01]} 67. h5 {[%emt 0:00:01]} Qe5 {[%emt 0:00:01]} 68. g4 {[%emt 0:00:01]} Qd4 {[%emt 0:00:02]} 69. h6 {[%emt 0:00:01]} Qd6 {[%emt 0:00:01]} 70. g5 {[%emt 0:00:02]} Qd7 {[%emt 0:00:05]} 71. Qf6+ {[%emt 0:00:01]} Kh7 {[%emt 0:00:00]} 72. Qg7+ {[%emt 0:00:03]} Qxg7 {[%emt 0:00:01]} 73. hxg7 {[%emt 0:00:02]} Kxg7 {[%emt 0:00:01]} 74. f4 {[%emt 0:00:01]} Kg6 {[%emt 0:00:00]} 75. Kg3 {[%emt 0:00:01]} Kf5 {[%emt 0:00:02]} 76. Kf3 {[%emt 0:00:01]} a5 {[%emt 0:00:01]} 77. Kg3 {[%emt 0:00:01]} Kg6 {[%emt 0:00:00]} 78. Kg4 {[%emt 0:00:01]} Kg7 {[%emt 0:00:01]} 79. f5 {[%emt 0:00:01]} Kf7 {[%emt 0:00:01]} 80. Kf4 {[%emt 0:00:02]} Kg7 {[%emt 0:00:00]} 81. Ke5 {[%emt 0:00:01]} Kf7 {[%emt 0:00:01]} 82. g6+ {[%emt 0:00:01]} Kg7 {[%emt 0:00:01]} 83. Ke6 {[%emt 0:00:01]} Kh6 {[%emt 0:00:01]} 84. Kf7 {[%emt 0:00:01]} Kg5 {[%emt 0:00:00]} 85. f6 {[%emt 0:00:01]} Kh5 {[%emt 0:00:01]} 86. g7 {[%emt 0:00:01]} Kh6 {[%emt 0:00:04]} 87. g8=Q {[%emt 0:00:03]} Kh5 {[%emt 0:00:01]} 88. Qg3 {[%emt 0:00:02]} Kh6 {[%emt 0:00:02]} 89. Qg6# {[%emt 0:00:01]} 1-0

[Event "11th LCC Super Blitz 2019"]
[Site "London"]
[Date "2019.12.08"]
[Round "11.10"]
[White "Gudenas, Motiejus"]
[Black "Jackson, Julius"]
[Result "1-0"]
[WhiteElo "1993"]
[BlackElo "1584"]
[Annotator "NA"]
[PlyCount "112"]
[EventDate "2019.12.08"]
[EventType "swiss"]
[EventCountry "ENG"]
[SourceTitle "playchess.com"]
[Source "ChessBase"]
[SourceQuality "1"]
[TimeControl "180+2"]

1. e4 {[%emt 0:00:00]} e6 {[%emt 0:00:00]} 2. d4 {[%emt 0:00:04]} d5 {[%emt 0:00:00]} 3. Bd3 {[%emt 0:00:01]} Nf6 {[%emt 0:00:05]} 4. e5 {[%emt 0:00:02]} Nfd7 {[%emt 0:00:01]} 5. Nd2 {[%emt 0:00:02]} c5 {[%emt 0:00:01]} 6. c3 {[%emt 0:00:01]} Nc6 {[%emt 0:00:01]} 7. Ne2 {[%emt 0:00:02]} Qb6 {[%emt 0:00:03]} 8. O-O {[%emt 0:00:07]} cxd4 {[%emt 0:00:05]} 9. cxd4 {[%emt 0:00:02]} Nxd4 {[%emt 0:00:03]} 10. Nxd4 {[%emt 0:00:02]} Qxd4 {[%emt 0:00:02]} 11. Nf3 {[%emt 0:00:02]} Qb6 {[%emt 0:00:08]} 12. Qa4 {[%emt 0:00:05]} Be7 {[%emt 0:00:10]} 13. Be3 {[%emt 0:00:20]} Qb4 {[%emt 0:00:11]} 14. Qc2 {[%emt 0:00:05]} Nc5 {[%emt 0:00:18]} 15. a3 {[%emt 0:00:10]} Qb3 {[%emt 0:00:29]} 16. Bxc5 {[%emt 0:00:37]} Qxc2 {[%emt 0:00:01]} 17. Bxc2 {[%emt 0:00:02]} Bxc5 {[%emt 0:00:01]} 18. Rac1 {[%emt 0:00:04]} Bb6 {[%emt 0:00:07]} 19. Bd3 {[%emt 0:00:14]} O-O {[%emt 0:00:12]} 20. Rc2 {[%emt 0:00:12]} Bd7 {[%emt 0:00:03]} 21. Rfc1 {[%emt 0:00:03]} Rac8 {[%emt 0:00:02]} 22. Kf1 {[%emt 0:00:12]} Rxc2 {[%emt 0:00:04]} 23. Rxc2 {[%emt 0:00:01]} Rc8 {[%emt 0:00:01]} 24. Rxc8+ {[%emt 0:00:05]} Bxc8 {[%emt 0:00:00]} 25. Bb5 {[%emt 0:00:01]} Kf8 {[%emt 0:00:07]} 26. Ke2 {[%emt 0:00:03]} Ke7 {[%emt 0:00:05]} 27. b3 {[%emt 0:00:04]} h6 {[%emt 0:00:01]} 28. Nd2 {[%emt 0:00:03]} Bd7 {[%emt 0:00:02]} 29. Bxd7 {[%emt 0:00:03]} Kxd7 {[%emt 0:00:01]} 30. f4 {[%emt 0:00:07]} g5 {[%emt 0:00:20]} 31. g3 {[%emt 0:00:08]} Bg1 {[%emt 0:00:01]} 32. Nf3 {[%emt 0:00:01]} Bb6 {[%emt 0:00:06]} 33. fxg5 {[%emt 0:00:03]} hxg5 {[%emt 0:00:02]} 34. Nxg5 {[%emt 0:00:02]} Ke7 {[%emt 0:00:02]} 35. g4 {[%emt 0:00:09]} f6 {[%emt 0:00:01]} 36. Nf3 {[%emt 0:00:06]} Bc7 {[%emt 0:00:09]} 37. exf6+ {[%emt 0:00:03]} Kxf6 {[%emt 0:00:00]} 38. h3 {[%emt 0:00:03]} e5 {[%emt 0:00:04]} 39. h4 {[%emt 0:00:14]} e4 {[%emt 0:00:05]} 40. Nd4 {[%emt 0:00:05]} Bb6 {[%emt 0:00:10]} 41. Nf5 {[%emt 0:00:03]} d4 {[%emt 0:00:12]} 42. Nd6 {[%emt 0:00:05]} d3+ {[%emt 0:00:10]} 43. Kd2 {[%emt 0:00:05]} Ke5 {[%emt 0:00:11]} 44. Nc4+ {[%emt 0:00:02]} Kf6 {[%emt 0:00:14]} 45. Nxb6 {[%emt 0:00:03]} axb6 {[%emt 0:00:01]} 46. Ke3 {[%emt 0:00:04]} Ke5 {[%emt 0:00:08]} 47. b4 {[%emt 0:00:02]} b5 {[%emt 0:00:00]} 48. g5 {[%emt 0:00:06]} Kf5 {[%emt 0:00:05]} 49. Kd2 {[%emt 0:00:02]} b6 {[%emt 0:00:03]} 50. Ke3 {[%emt 0:00:02]} Ke5 {[%emt 0:00:09]} 51. h5 {[%emt 0:00:03]} Kf5 {[%emt 0:00:01]} 52. g6 {[%emt 0:00:05]} Kf6 {[%emt 0:00:01]} 53. Kd2 {[%emt 0:00:02]} Kg7 {[%emt 0:00:03]} 54. Kc3 {[%emt 0:00:02]} Kh6 {[%emt 0:00:02]} 55. Kb2 {[%emt 0:00:04]} Kg7 {[%emt 0:00:03]} 56. Kc1 {[%emt 0:00:01]} e3 {[%emt 0:00:05]} 1-0

[Event "11th LCC Super Blitz 2019"]
[Site "London"]
[Date "2019.12.08"]
[Round "11.10"]
[White "Sheikh, Anum"]
[Black "Rushbrooke, Remy"]
[Result "0-1"]
[WhiteElo "1560"]
[BlackElo "1877"]
[Annotator "NA"]
[PlyCount "49"]
[EventDate "2019.12.08"]
[EventType "swiss"]
[EventCountry "ENG"]
[SourceTitle "playchess.com"]
[Source "ChessBase"]
[SourceQuality "1"]
[TimeControl "180+2"]

1. e4 {[%emt 0:00:00]} e5 {[%emt 0:00:00]} 2. Nf3 {[%emt 0:00:00]} Nf6 {[%emt 0:00:00]} 3. Nxe5 {[%emt 0:00:03]} d6 {[%emt 0:00:01]} 4. Nf3 {[%emt 0:00:02]} Nxe4 {[%emt 0:00:01]} 5. Nc3 {[%emt 0:00:01]} Nxc3 {[%emt 0:00:01]} 6. dxc3 {[%emt 0:00:01]} Be7 {[%emt 0:00:01]} 7. Bd3 {[%emt 0:00:04]} O-O {[%emt 0:00:03]} 8. Be3 {[%emt 0:00:05]} Nd7 {[%emt 0:00:01]} 9. h4 {[%emt 0:00:03]} Ne5 {[%emt 0:00:01]} 10. Nxe5 {[%emt 0:01:02]} dxe5 {[%emt 0:00:04]} 11. Qh5 {[%emt 0:00:03]} f5 {[%emt 0:00:19]} 12. Bg5 {[%emt 0:00:09]} Be6 {[%emt 0:00:10]} 13. O-O-O {[%emt 0:00:06]} Qe8 {[%emt 0:00:10]} 14. Qxe8 {[%emt 0:00:09]} Raxe8 {[%emt 0:00:11]} 15. Bxe7 {[%emt 0:00:03]} Rxe7 {[%emt 0:00:01]} 16. Kb1 {[%emt 0:00:02]} e4 {[%emt 0:00:14]} 17. Be2 {[%emt 0:00:05]} f4 {[%emt 0:00:18]} 18. Rd4 {[%emt 0:00:03]} Bc8 {[%emt 0:00:30]} 19. Bc4+ {[%emt 0:00:08]} Kh8 {[%emt 0:00:01]} 20. Re1 {[%emt 0:00:06]} Rfe8 {[%emt 0:00:11]} 21. Bd5 {[%emt 0:00:07]} e3 {[%emt 0:00:03]} 22. Rxf4 {[%emt 0:00:21]} g5 {[%emt 0:00:34]} 23. Rf7 {[%emt 0:00:39]} exf2 {[%emt 0:00:29]} 24. Rexe7 {[%emt 0:00:14]} Rxe7 {[%emt 0:00:02]} 25. Rf4 {[%emt 0:00:24]} 0-1

[Event "11th LCC Super Blitz 2019"]
[Site "London"]
[Date "2019.12.08"]
[Round "11.11"]
[White "Lovell, William Pm"]
[Black "Ball, Charlie J"]
[Result "1-0"]
[WhiteElo "1831"]
[BlackElo "1249"]
[Annotator "NA"]
[PlyCount "79"]
[EventDate "2019.12.08"]
[EventType "swiss"]
[EventCountry "ENG"]
[SourceTitle "playchess.com"]
[Source "ChessBase"]
[SourceQuality "1"]
[TimeControl "180+2"]

1. c4 {[%emt 0:00:00]} d6 {[%emt 0:00:00]} 2. g3 {[%emt 0:00:01]} Nf6 {[%emt 0:00:05]} 3. Bg2 {[%emt 0:00:02]} Nbd7 {[%emt 0:00:01]} 4. Nc3 {[%emt 0:00:02]} e5 {[%emt 0:00:01]} 5. e3 {[%emt 0:00:07]} Be7 {[%emt 0:00:01]} 6. Nge2 {[%emt 0:00:01]} c6 {[%emt 0:00:02]} 7. O-O {[%emt 0:00:03]} Qc7 {[%emt 0:00:01]} 8. d4 {[%emt 0:00:01]} h5 {[%emt 0:00:17]} 9. b3 {[%emt 0:00:21]} h4 {[%emt 0:00:06]} 10. Ba3 {[%emt 0:00:05]} hxg3 {[%emt 0:00:14]} 11. fxg3 {[%emt 0:00:08]} Ng4 {[%emt 0:00:08]} 12. Rf3 {[%emt 0:00:19]} Nxh2 {[%emt 0:00:18]} 13. Rf2 {[%emt 0:00:16]} Ng4 {[%emt 0:00:01]} 14. Rf3 {[%emt 0:00:02]} Bg5 {[%emt 0:00:09]} 15. Bc1 {[%emt 0:00:08]} Nh2 {[%emt 0:00:06]} 16. Rf5 {[%emt 0:00:10]} Be7 {[%emt 0:00:08]} 17. Qd3 {[%emt 0:00:19]} Nf6 {[%emt 0:00:02]} 18. Rf2 {[%emt 0:00:02]} Nhg4 {[%emt 0:00:01]} 19. Rf1 {[%emt 0:00:03]} Nh2 {[%emt 0:00:04]} 20. Ba3 {[%emt 0:00:19]} Nxf1 {[%emt 0:00:05]} 21. Rxf1 {[%emt 0:00:01]} Ng4 {[%emt 0:00:05]} 22. dxe5 {[%emt 0:00:09]} dxe5 {[%emt 0:00:03]} 23. Bxe7 {[%emt 0:00:02]} Qxe7 {[%emt 0:00:02]} 24. Ne4 {[%emt 0:00:09]} Nh2 {[%emt 0:00:04]} 25. Nd6+ {[%emt 0:00:02]} Kf8 {[%emt 0:00:06]} 26. Rxf7+ {[%emt 0:00:04]} Qxf7 {[%emt 0:00:01]} 27. Nxf7 {[%emt 0:00:01]} Kxf7 {[%emt 0:00:01]} 28. Qd6 {[%emt 0:00:11]} Ng4 {[%emt 0:00:04]} 29. Nc3 {[%emt 0:00:07]} Nxe3 {[%emt 0:00:09]} 30. Qxe5 {[%emt 0:00:01]} Ng4 {[%emt 0:00:01]} 31. Qf4+ {[%emt 0:00:02]} Nf6 {[%emt 0:00:00]} 32. Ne4 {[%emt 0:00:02]} Be6 {[%emt 0:00:09]} 33. Ng5+ {[%emt 0:00:04]} Ke7 {[%emt 0:00:05]} 34. Qe5 {[%emt 0:00:03]} Rh5 {[%emt 0:00:11]} 35. Qxe6+ {[%emt 0:00:02]} Kd8 {[%emt 0:00:03]} 36. Nf7+ {[%emt 0:00:05]} Kc7 {[%emt 0:00:00]} 37. Qd6+ {[%emt 0:00:04]} Kb6 {[%emt 0:00:01]} 38. c5+ {[%emt 0:00:01]} Ka6 {[%emt 0:00:04]} 39. Bf1+ {[%emt 0:00:03]} Ka5 {[%emt 0:00:01]} 40. Qd2# {[%emt 0:00:04]} 1-0

[Event "11th LCC Super Blitz 2019"]
[Site "London"]
[Date "2019.12.08"]
[Round "11.11"]
[White "Thatte, Nandinee"]
[Black "Dhemrait, Jagdeep"]
[Result "0-1"]
[WhiteElo "1270"]
[BlackElo "1834"]
[Annotator "NA"]
[PlyCount "60"]
[EventDate "2019.12.08"]
[EventType "swiss"]
[EventCountry "ENG"]
[SourceTitle "playchess.com"]
[Source "ChessBase"]
[SourceQuality "1"]
[TimeControl "180+2"]

1. d4 {[%emt 0:01:57]} Nf6 {[%emt 0:00:02]} 2. c4 d6 {[%emt 0:00:02]} 3. Nc3 g6 {[%emt 0:00:01]} 4. e4 {[%emt 0:00:01]} e5 5. d5 Bg7 6. f3 {[%emt 0:00:06]} Nbd7 {[%emt 0:00:03]} 7. Be3 {[%emt 0:00:02]} Qe7 {[%emt 0:00:07]} 8. Qd2 {[%emt 0:00:02]} O-O {[%emt 0:00:11]} 9. O-O-O {[%emt 0:00:02]} Ne8 {[%emt 0:00:03]} 10. Bh6 {[%emt 0:00:09]} c5 {[%emt 0:00:08]} 11. dxc6 {[%emt 0:00:13]} bxc6 {[%emt 0:00:02]} 12. Bxg7 {[%emt 0:00:03]} Kxg7 {[%emt 0:00:01]} 13. Nge2 {[%emt 0:00:05]} Rb8 {[%emt 0:00:12]} 14. g4 {[%emt 0:00:03]} Nc5 {[%emt 0:00:04]} 15. h4 {[%emt 0:00:07]} h6 {[%emt 0:00:06]} 16. Ng3 {[%emt 0:00:13]} Be6 {[%emt 0:00:24]} 17. h5 {[%emt 0:00:23]} g5 {[%emt 0:00:07]} 18. Nf5+ {[%emt 0:00:02]} Bxf5 {[%emt 0:00:01]} 19. gxf5 {[%emt 0:00:05]} f6 {[%emt 0:00:09]} 20. Rg1 {[%emt 0:00:12]} Kh7 {[%emt 0:00:04]} 21. Qg2 {[%emt 0:00:43]} Qb7 {[%emt 0:00:10]} 22. b3 {[%emt 0:00:02]} a5 {[%emt 0:00:07]} 23. Ne2 {[%emt 0:00:11]} a4 {[%emt 0:00:12]} 24. Kd2 {[%emt 0:00:16]} axb3 {[%emt 0:00:03]} 25. axb3 Qxb3 {[%emt 0:00:05]} 26. Rc1 {[%emt 0:00:07]} Qb2+ {[%emt 0:00:15]} 27. Rc2 {[%emt 0:00:08]} Qb4+ {[%emt 0:00:07]} 28. Kd1 {[%emt 0:00:04]} Ra8 {[%emt 0:00:04]} 29. Rc1 {[%emt 0:00:10]} Nd3 {[%emt 0:00:04]} 30. Rc2 {[%emt 0:00:13]} Qe1# {[%emt 0:00:04]} 0-1

[Event "11th LCC Super Blitz 2019"]
[Site "London"]
[Date "2019.12.08"]
[Round "11.12"]
[White "Sandhu, Manvith"]
[Black "Bergner, Matthias"]
[Result "1-0"]
[WhiteElo "1673"]
[BlackElo "1632"]
[Annotator "NA"]
[PlyCount "43"]
[EventDate "2019.12.08"]
[EventType "swiss"]
[EventCountry "ENG"]
[SourceTitle "playchess.com"]
[Source "ChessBase"]
[SourceQuality "1"]
[TimeControl "180+2"]

1. e4 {[%emt 0:00:00]} d5 {[%emt 0:00:00]} 2. exd5 {[%emt 0:00:00]} g6 {[%emt 0:00:00]} 3. Nf3 {[%emt 0:00:04]} Bg7 {[%emt 0:00:04]} 4. d4 {[%emt 0:00:02]} Nf6 {[%emt 0:00:01]} 5. Nc3 {[%emt 0:00:12]} b6 {[%emt 0:00:06]} 6. Bf4 {[%emt 0:00:09]} Bb7 {[%emt 0:00:04]} 7. Bb5+ {[%emt 0:00:06]} c6 {[%emt 0:00:10]} 8. dxc6 {[%emt 0:00:03]} Nxc6 {[%emt 0:00:06]} 9. Ne5 {[%emt 0:00:05]} Rc8 {[%emt 0:00:17]} 10. d5 {[%emt 0:00:12]} O-O {[%emt 0:00:04]} 11. Bxc6 {[%emt 0:00:12]} Bxc6 {[%emt 0:00:20]} 12. Nxc6 {[%emt 0:00:04]} Qd7 {[%emt 0:00:17]} 13. O-O {[%emt 0:00:10]} Nh5 {[%emt 0:00:45]} 14. Bd2 {[%emt 0:00:21]} Rfe8 {[%emt 0:00:18]} 15. Re1 {[%emt 0:00:04]} Rxc6 {[%emt 0:00:10]} 16. dxc6 {[%emt 0:00:19]} Qxc6 {[%emt 0:00:01]} 17. Qf3 {[%emt 0:00:09]} Qxf3 {[%emt 0:00:04]} 18. gxf3 {[%emt 0:00:01]} Rd8 {[%emt 0:00:06]} 19. Be3 {[%emt 0:00:04]} e6 {[%emt 0:00:03]} 20. Rad1 {[%emt 0:00:03]} Rxd1 {[%emt 0:00:19]} 21. Rxd1 {[%emt 0:00:00]} Bxc3 {[%emt 0:00:04]} 22. bxc3 {[%emt 0:00:02]} 1-0

[Event "11th LCC Super Blitz 2019"]
[Site "London"]
[Date "2019.12.08"]
[Round "11.14"]
[White "Tombolis, Christopher"]
[Black "Pham, Catherine"]
[Result "1-0"]
[WhiteElo "1655"]
[BlackElo "1280"]
[Annotator "NA"]
[PlyCount "87"]
[EventDate "2019.12.08"]
[EventType "swiss"]
[EventCountry "ENG"]
[SourceTitle "playchess.com"]
[Source "ChessBase"]
[SourceQuality "1"]
[TimeControl "180+2"]

1. d4 {[%emt 0:00:00]} Nf6 {[%emt 0:00:00]} 2. c4 {[%emt 0:00:01]} e6 {[%emt 0:00:01]} 3. Nc3 {[%emt 0:00:00]} Bb4 {[%emt 0:00:02]} 4. e3 {[%emt 0:00:01]} Bxc3+ {[%emt 0:00:04]} 5. bxc3 {[%emt 0:00:01]} Nc6 {[%emt 0:00:03]} 6. Bd3 {[%emt 0:00:07]} d5 {[%emt 0:00:04]} 7. cxd5 {[%emt 0:00:02]} Nxd5 {[%emt 0:00:03]} 8. c4 {[%emt 0:00:25]} Nf6 {[%emt 0:00:02]} 9. Nf3 {[%emt 0:00:01]} O-O {[%emt 0:00:07]} 10. O-O {[%emt 0:00:06]} b6 {[%emt 0:00:07]} 11. Rb1 {[%emt 0:00:06]} Bb7 {[%emt 0:00:01]} 12. c5 {[%emt 0:00:01]} Ne7 {[%emt 0:00:08]} 13. Ba3 {[%emt 0:00:07]} Rc8 {[%emt 0:00:10]} 14. Qa4 {[%emt 0:00:07]} Ra8 {[%emt 0:00:28]} 15. Ne5 {[%emt 0:00:14]} h6 {[%emt 0:00:32]} 16. Rfc1 {[%emt 0:00:09]} Qd5 {[%emt 0:00:16]} 17. c6 {[%emt 0:00:28]} Bc8 {[%emt 0:00:11]} 18. Bxe7 {[%emt 0:00:04]} Re8 {[%emt 0:00:03]} 19. Bxf6 {[%emt 0:00:04]} gxf6 {[%emt 0:00:05]} 20. Nf3 {[%emt 0:00:03]} Qd6 {[%emt 0:00:08]} 21. Qb5 {[%emt 0:00:04]} a6 {[%emt 0:00:09]} 22. Qh5 {[%emt 0:00:03]} Qf8 {[%emt 0:00:08]} 23. h3 {[%emt 0:00:17]} Qg7 {[%emt 0:00:08]} 24. Nh2 {[%emt 0:00:05]} e5 {[%emt 0:00:08]} 25. Bf5 {[%emt 0:00:02]} Bxf5 {[%emt 0:00:05]} 26. Qxf5 {[%emt 0:00:01]} exd4 {[%emt 0:00:06]} 27. Ng4 {[%emt 0:00:02]} Re6 {[%emt 0:00:06]} 28. exd4 {[%emt 0:00:08]} Qg5 {[%emt 0:00:09]} 29. Qxg5+ {[%emt 0:00:02]} fxg5 {[%emt 0:00:05]} 30. Re1 {[%emt 0:00:01]} Rxc6 {[%emt 0:00:02]} 31. d5 {[%emt 0:00:02]} Rd6 {[%emt 0:00:02]} 32. Rbc1 {[%emt 0:00:02]} Rc8 {[%emt 0:00:03]} 33. Rc6 {[%emt 0:00:04]} Rxd5 {[%emt 0:00:06]} 34. Nf6+ {[%emt 0:00:01]} Kg7 {[%emt 0:00:04]} 35. Nxd5 {[%emt 0:00:02]} Rd8 {[%emt 0:00:04]} 36. Nxc7 {[%emt 0:00:03]} a5 {[%emt 0:00:03]} 37. Rxb6 {[%emt 0:00:15]} Rd2 {[%emt 0:00:06]} 38. Ra6 {[%emt 0:00:10]} Rxa2 {[%emt 0:00:04]} 39. Re4 {[%emt 0:00:07]} f6 {[%emt 0:00:02]} 40. Nd5 {[%emt 0:00:04]} Kg6 {[%emt 0:00:01]} 41. Rxf6+ {[%emt 0:00:03]} Kg7 {[%emt 0:00:01]} 42. Re7+ {[%emt 0:00:02]} Kg8 {[%emt 0:00:02]} 43. Rd6 {[%emt 0:00:16]} Kf8 {[%emt 0:00:02]} 44. Rd8# {[%emt 0:00:02]} 1-0

[Event "11th LCC Super Blitz 2019"]
[Site "London"]
[Date "2019.12.08"]
[Round "11.14"]
[White "Patel, Zain"]
[Black "Essis, Essoh Jean Mathieu C"]
[Result "1-0"]
[WhiteElo "1253"]
[BlackElo "1438"]
[Annotator "NA"]
[PlyCount "57"]
[EventDate "2019.12.08"]
[EventType "swiss"]
[EventCountry "ENG"]
[SourceTitle "playchess.com"]
[Source "ChessBase"]
[SourceQuality "1"]
[TimeControl "180+2"]

1. e4 {[%emt 0:00:01]} e5 {[%emt 0:00:00]} 2. Nf3 {[%emt 0:00:01]} Nc6 {[%emt 0:00:01]} 3. Bc4 {[%emt 0:00:02]} h6 {[%emt 0:00:04]} 4. O-O {[%emt 0:00:04]} d6 {[%emt 0:00:00]} 5. Nc3 {[%emt 0:00:05]} Be7 {[%emt 0:00:12]} 6. d4 {[%emt 0:00:07]} Bg4 {[%emt 0:00:05]} 7. Bb5 {[%emt 0:00:08]} a6 {[%emt 0:00:11]} 8. Ba4 {[%emt 0:00:16]} Bf6 {[%emt 0:00:06]} 9. d5 {[%emt 0:00:08]} b5 {[%emt 0:00:01]} 10. Nxb5 {[%emt 0:00:07]} Nd4 {[%emt 0:00:08]} 11. Nbxd4+ {[%emt 0:00:06]} Kf8 {[%emt 0:00:01]} 12. Nb3 {[%emt 0:00:11]} Qb8 {[%emt 0:00:10]} 13. Bd2 {[%emt 0:00:10]} Qb6 {[%emt 0:00:05]} 14. h3 {[%emt 0:00:06]} Bh5 {[%emt 0:00:05]} 15. c4 {[%emt 0:00:11]} a5 {[%emt 0:00:04]} 16. Rc1 {[%emt 0:00:04]} Bg5 {[%emt 0:00:11]} 17. c5 {[%emt 0:00:05]} dxc5 {[%emt 0:00:05]} 18. Rxc5 {[%emt 0:00:08]} Bxf3 {[%emt 0:00:07]} 19. Qxf3 {[%emt 0:00:05]} Bxd2 {[%emt 0:00:04]} 20. Rc6 {[%emt 0:00:12]} Qb7 {[%emt 0:00:17]} 21. Nxd2 {[%emt 0:00:04]} Nf6 {[%emt 0:00:05]} 22. Nc4 {[%emt 0:00:06]} Qb4 {[%emt 0:00:02]} 23. b3 {[%emt 0:00:05]} Qc3 {[%emt 0:00:12]} 24. Qxc3 {[%emt 0:00:04]} Nxe4 {[%emt 0:00:04]} 25. Qf3 {[%emt 0:00:04]} Ng5 {[%emt 0:00:01]} 26. Qf5 {[%emt 0:00:05]} Re8 {[%emt 0:00:06]} 27. Rxc7 {[%emt 0:00:05]} Re7 {[%emt 0:00:07]} 28. Rc8+ {[%emt 0:00:03]} Re8 {[%emt 0:00:02]} 29. Rxe8# {[%emt 0:00:02]} 1-0